Statistics for Top 100 GDP per Capita vs GDP per Capita in 2100

Click here to take the quiz!

General Stats

  • This quiz has been taken 25 times
    (10 since last reset)
  • The average score is 67 of 100

Answer Stats

AnswerGDP per Capita% Correct
China132k | 38k
100%
India79k
100%
New Zealand120k | 95k
100%
Norway89k | 97k
100%
United Arab Emirates120k | 204k
100%
Usa75k | 85k
100%
Australia62k
90%
Japan202k | 64k
90%
Kuwait48k | 60k
90%
Monaco107k | 70k
90%
Sweden76k | 99k
90%
Switzerland127k | 97k
90%
Uk53k | 79k
90%
Bahrain47k
80%
Canada67k | 94k
80%
Finland57k | 88k
80%
France52k | 65k
80%
Germany63k | 86k
80%
Italy45.7k | 69k
80%
Luxembourg127k | 165k
80%
Netherlands72k | 95k
80%
Qatar102k | 110k
80%
Saudi Arabia36k
80%
South Korea202k | 58k
80%
Spain41k
80%
Taiwan198k | 60k
80%
Argentina29.9k | 89k
70%
Ireland130k | 99k
70%
Liechtenstein146k | 150k
70%
Malaysia32.3k | 90k
70%
Poland31.5k
70%
Singapore135k | 257k
70%
Andorra50k
60%
Austria56k | 86k
60%
Belgium54k | 84k
60%
Czechia33k
60%
Egypt62k
60%
Iceland102k | 82k
60%
Indonesia75k
60%
Mexico72k
60%
Iraq76k
50%
Israel52k | 73k
50%
Latvia30.2k
50%
Lithuania30.6k
50%
Nigeria73k
50%
Philippines80k
50%
Portugal34k
50%
San Marino45.6k | 69k
50%
Slovenia43k
50%
Algeria63k
40%
Bangladesh61k
40%
Brunei79k
40%
Chile31.7k | 72k
40%
Denmark68k | 93k
40%
Estonia35k
40%
Vatican City45.5k | 69k
40%
Bahamas32.5k
30%
Kenya61k
30%
Mauritius69k
30%
Peru69k
30%
Uruguay32.8k | 72k
30%
Botswana85k
20%
Seychelles71k
20%
Rwanda60k
10%
Ghana63k
0%

Score Distribution

Percentile by Number Answered

Percent of People with Each Score

Your Score History

You have not taken this quiz since the last reset